| 000 | 00000nam##2200000za#4500 |
| 001 | 9.625638 |
| 003 | CaOODSP |
| 005 | 20200327183731 |
| 007 | ta |
| 008 | 150406|1999||||xxc||||| f|0| 0 fre|d |
| 040 | |aCaOODSP|bfre |
| 043 | |an-cn--- |
| 086 | 1 |aH113-1/4-1999F |
| 110 | 1 |aCanada.|bSanté Canada. |bAgence de réglementation de la lutte antiparasitaire. |
| 245 | 10|aLutte efficace contre les fourmis charpentières |
| 260 | |aOttawa - Ontario : |bSanté Canada. |c1999. |
| 490 | 1 |aFeuillet de renseignements sur les organismes nuisibles |
| 563 | |aDépliant |
| 590 | |a02-07|b2002-02-15 |
| 691 | 07|aInsecte|2gcpds |
| 691 | 07|aPesticide|2gcpds |
| 776 | 0#|tLutte efficace contre les fourmis charpentières |w(CaOODSP)9.602858 |
| 830 | #0|aFeuillet de renseignements sur les organismes nuisibles.|w(CaOODSP)9.513058 |